Teaching mathematics with classroom voting (Record no. 13631)
[ view plain ]
| 000 -LEADER | |
|---|---|
| fixed length control field | 01363nam a2200337Ia 4500 |
| 245 00 - TITLE STATEMENT | |
| Title | Teaching mathematics with classroom voting |
| 260 ## - PUBLICATION, DISTRIBUTION, ETC. (IMPRINT) | |
| Place of publication | Washington, D.C. : |
| Name of publisher | Mathematical Association of America, |
| Year of publication | c2011. |
| 300 ## - PHYSICAL DESCRIPTION | |
| Number of Pages | x, 173 p. : |
| Other physical details | ill. |
| 490 1# - SERIES STATEMENT | |
| Series statement | MAA notes ; |
| 650 #0 - SUBJECT ADDED ENTRY--TOPICAL TERM | |
| Topical Term | Mathematics |
| Topical Term | Student response systems. |
| 700 1# - ADDED ENTRY--PERSONAL NAME | |
| Personal name | Cline, Kelly |
| Personal name | Zullo, Holly. |
| 856 40 - ELECTRONIC LOCATION AND ACCESS | |
| Uniform Resource Identifier | http://site.ebrary.com/lib/rucke/Doc?id=10684318 |
No items available.
